000 00494nam a22001697a 4500
003 BD-ChCU
005 20251109131736.0
008 251109b bg ||||| |||| 00| 0 ben d
040 _cBD-ChCU
082 _a330.182 SHE
100 _aShubik , Martin.
_915736
245 _aEssays in mathematical economics in honor of Oskar Morgenstern ./
_cMartin , Shubik
260 _aPrincetion :
_bP.U.P.
_c C 1967
300 _axx, 475p
650 0 _aEconomics , Theory of.
_915738
942 _2ddc
_cBK
_n0
999 _c109218
_d109218